00484nam a22001697a 450000500170000001000150001702000260003203500140005803700130007208200080008510000190009324500950011226000380020727000160024530000350026170000180029620220517153140.0 aENG-132651 a9789385735066c599.00 aEN-116183 bDBAD/PUB a590 aPande, Suruchi aFauna and Deities:bA Perspective on Nature Conservation/cSuruchi Pande, and Satish Pande aMaharashtrabEla Foundationc2016 bMaharashtra a336p.bBibliographyc22cm(pbk) aPande, Satish